ANALYSIS OF THE INFLUENCE OF NUMBER OF LAYERS AND VENEER THICKNESS ON PLYWOOD FLAMMABILITY

Bibliographic Details
Main Authors: Mahút, Juraj, 1950- (Author), Skrovný, Rastislav (Author)
Format: Article
Language:English
ISBN:8022807745

MARC

LEADER 00000naa a2200000uu 4500
001 vtls010932182
003 SK-MaSNL
005 20260302122404.0
008 210909|2000 xo |||||||||||||||||eng|
015 |a SNBRA 
035 |a (urnnbn)urn:nbn:sk:snk:ar-a0b4px 
035 |a (uuid)03cc212e-3382-4373-a7d0-375a31e60e4c 
035 |a urn:nbn:sk:snk-aatx7e 
040 |a SNKBUCL  |b slo  |c SNKBUCL  |e AACR2 
041 0 |a eng 
044 |a xo  |c SK 
100 1 |a Mahút, Juraj,  |d 1950-  |4 aut  |9 192829 
245 1 0 |a ANALYSIS OF THE INFLUENCE OF NUMBER OF LAYERS AND VENEER THICKNESS ON PLYWOOD FLAMMABILITY  |c Juraj Mahút, Rastislav Skrovný 
700 1 |a Skrovný, Rastislav  |4 aut  |9 23890 
773 0 |t Wood & fire safety  |d Of Zvolen : Technical University, 2000, 2000  |g S. 313-322  |z 8022807745 
958 |a OND 
958 |a article11 
958 |a chapter 
999 |c 1277684  |d 1279614